Carácter y estructura social

Guardat en:
Dades bibliogràfiques
Autor principal: Gerth, Hans Heinrich (Autor)
Altres autors: Mills, Charles Wright (autor)
Format: Llibre
Idioma:espanyol
Publicat: Buenos Aires Paidos 1971
Edició:3a. ed
Col·lecció:Biblioteca de Psicología Social y Sociología, 19
Matèries:
Etiquetes: Afegir etiqueta
Sense etiquetes, Sigues el primer a etiquetar aquest registre!

MARC

LEADER 00000nam a2200000 a 4500
001 UCR6504
003 CL-VaPUC
008 980423e19710000AG |||||||||||||||||spa|d
082 0 4 |a 302  |b GER  |2 21 
100 |a Gerth, Hans Heinrich  |e author  |9 407597 
700 |a Mills, Charles Wright  |e autor  |9 587265 
245 1 0 |a Carácter y estructura social 
250 |a 3a. ed 
300 |a 441 p 
942 |c BK 
945 |d 19980423 00:00:00  |a lriquelm 
260 |a Buenos Aires  |b Paidos  |c 1971 
650 0 |a Psicología social   |9 222894 
650 7 |a ESTRUCTURA SOCIAL  |2 CL-VaPUC  |9 407588 
650 0 |a Interacción social   |9 307764 
650 0 |a Instituciones sociales  |9 329915 
583 |a last modification  |c 19980423 00:00:00  |k Rodrigo Vera 
490 0 |a Biblioteca de Psicología Social y Sociología, 19 
999 |c 268586  |d 268584 
952 |0 0  |1 0  |4 0  |6 302_000000000000000_GER_1971  |7 0  |8 A  |9 301794  |a BIBENE  |b BIBENE  |d 2019-11-20  |i 1975951  |o 302 GER 1971  |p 1975951  |r 2025-01-15  |w 2019-11-20  |y BK  |k ICO